The ALA TOEFL course: claswork book
Збережено в:
| Автори: | , |
|---|---|
| Формат: | Книга |
| Мова: | Англійська |
| Опубліковано: |
Washington, D.C
American Language Academy
1981
|
| Предмети: | |
| Теги: |
Додати тег
Немає тегів, Будьте першим, хто поставить тег для цього запису!
|
MARC
| LEADER | 00000nam a2200000 a 4500 | ||
|---|---|---|---|
| 001 | UCQ7913 | ||
| 003 | CL-VaPUC | ||
| 008 | 981121e19810000us |||||||||||||||||eng|d | ||
| 082 | 0 | 4 | |a 327.6521 |b ANN |2 21 |
| 100 | 0 | |a Annand, William S |e author |9 421713 | |
| 700 | 0 | |a Wise, Sheldon |e author |9 421714 | |
| 245 | 1 | 4 | |a The ALA TOEFL course: claswork book |
| 300 | |a 105 p | ||
| 942 | |c BK | ||
| 945 | |d 19981121 00:00:00 |a crobeson | ||
| 260 | |a Washington, D.C |b American Language Academy |c 1981 | ||
| 650 | 0 | |a Inglés |9 260023 | |
| 650 | 0 | |a Enseñanza de idiomas |9 339820 | |
| 650 | 0 | |a Educación lingüística |9 306506 | |
| 650 | 0 | |a Métodos de enseñanza |9 270413 | |
| 583 | |a last modification |c 20150430 03:25:39 |k Rodrigo Vera | ||
| 999 | |c 277288 |d 277286 | ||
| 952 | |0 0 |1 0 |4 0 |6 327_652100000000000_ANN_1981 |7 0 |8 A |9 315173 |a FDOPOS |b FDOPOS |d 2019-11-20 |i 1493825 |o 327.6521 ANN 1981 |p 1493825 |r 2025-01-22 |w 2019-11-20 |y BK |k MLA | ||